00957ncm a22002295a 4500001001100000005001700011008004100028080002000069100004900089245008900138254002300227260004500250300003300295490005600328500002400384500011500408500002600523650003100549852001100580952011900591999001700710C00011454c20241029143125.0950809s1891 ddrmtb n 1 ger d a785.74:787.1/.31 aMozart, Wolfgang Amadeus (d1756-1791)9127910aQuartett nº 8 D-dur b: für 2 Violinen, Viola und Violoncell / cvon W.A. Mozart. a[Kleine Partitur]. aLeipzig : bErnst Eulenburg, c[d. 1891] aPartitura (24 p.) ; c19 cm.0 aPayne's kleine Partitur Ausgabe. Kammermusik ; v25 aN. pl. : E.E. 1125. aFecha de publicación tomada de"The new Grove dictionary of music and musicians", vol. 6, Stanley Sadie 1980. aLegado Pérez Casas.14aCuartetos de Cuerda.967384 jM-2367 001040708MUSICAaRABASFbRABASFcDP1d1995-08-10eDl0oM-2367p1012444r2024-10-15 09:09:36w2024-10-15yPARTA c11246d11246